Statistiken für Torschützenliste der Serie A 2012-2013

Klicken Sie hier um das Quiz zu spielen!

Allgemein

  • Dieses Quiz wurde 15 mal gespielt
  • Das Durchschnittsergebnis liegt bei 4 aus 11

Antwortstatistiken

ToreNationalitätVereinSpieler% Korrekt
29UruguaySSC Neapel Edinson Cavani
100%
15DeutschlandLazio RomMiroslav Klose
100%
23ItalienUdinese Calcio Antonio Di Natale
92%
13MontenegroAC FlorenzStevan Jovetić
62%
15ArgentinienAS RomErik Lamela
23%
15ArgentinienAtalanta Bergamo Germán Denis
23%
15ItalienAC MailandGiampaolo Pazzini
15%
16ItalienAC Mailand Stephan El Shaarawy
15%
13ItalienFC BolognaAlberto Gilardino
8%
13ArgentinienCatania Calcio Gonzalo Bergessio
0%
16ItalienAS RomPablo Daniel Osvaldo
0%

Verteilung der Resultate

Perzentil nach korrekt beantworteten Fragen

Anzahl Personen mit jedem Resultat

Ihre Resultats-Entwicklung

Sie haben dieses Quiz noch nicht gespielt